1956 1555 1747 1563 1654 1335 1487 1461 1776 1282 1001 1867 1302 1479 1862 1020 1954 1620 1236 1128 1942 1909 1452 1306 1654 1966 1378 1609 1831 1849 1922 1511 1444 1575 1313 1572 1166 1683 1850 1847 1576 1158 1645 1635 1856 1168 1352 1652 1810 1478 1929 1377 1529 1714 1048 1883 1373 1579 1808 1493 1698 1441 1340 1847 1318 1272 1374 1342 1710 1282 1618 1382 1206 1008 1175 1678 1162 1923 1210 1653 1093 1776 1574 1371 1174 1041 1819 1783 1384 1039 1291 1432 1836 1957 1123 1574 1534 1685 1468 BCNSPRNW ULIB Ver.6.0+V

เปลี่ยนเป็นภาษาไทย

Change to English
 แสดงรายละเอียดบรรณานุกรม
  กลับหน้าหลัก

Brief Record : Get Marc (ISO 2709) : E-mail record : QR code < ปิดหน้าต่าง
LEADER : 00000nam 2200000uu 4500
001    13399111734
003     ULIB
008    110707s2551||||th 000 0 tha d
020    9789743647680
050  4 DS568^bค127ว 2551
100 0  คณาจารย์มหาวิทยาลัยมหาจุฬาลงกรณราชวิทยาลัย
245 10 วัฒนธรรมไทย =^bThai culture /^cคณาจารย์มหาวิทยาลัยมหาจุฬาลงกรณราชวิทยาลัย ; บรรณาธิการ,ประกอบ มีโคตรกอง
246 31 Thai culture
250    พิมพ์ครั้งที่ 1
260    กรุงเทพฯ :^bมหาวิทยาลัยมหาจุฬาลงกรณราชวิทยาลัย,^c2551
300    (10), 276 หน้า :^bภาพประกอบ ;^c26 ซม.
650  4 ไทย^xความเป็นอยู่และประเพณี
650  4 วัฒนธรรมไทย
650  4 ศิลปวัฒนธรรม^zไทย
700 0  ประกอบ มีโคตรกอง,^eบรรณาธิการ
710 2  มหาวิทยาลัยมหาจุฬาลงกรณราชวิทยาลัย
945    ^p180^l0^i024679
995    ทศพร
999 ^a ใช้งานได้ทุกระบบ
รายการนี้ยังไม่มีแท็ก
คุณยังไม่ได้ล็อกอิน คุณสามารถมีกิจกรรมร่วมกับเว็บไซต์ได้ แต่ต้องล็อกอินก่อน ::
  ล็อกอิน

รายการสื่อสารสนเทศ

ลำดับที่ ประเภท เลขเรียก/บาร์โค้ด สถานที่ สถานะ
- ไม่พบข้อมูล -

รายการใกล้เคียง
    หัวเรื่อง [วัฒนธรรมไทย]

BibComment


ยังไม่เคยถูกคอมเมนท์

คอมเมนท์ทรัพยากรรายการนี้
  คอมเมนท์: วัฒนธรรมไทย Thai..


 Copyright 2026. Bcnsprnw @Library